| 000 -LEADER |
| fixed length control field |
01757 a2200289 4500 |
| 003 - CONTROL NUMBER IDENTIFIER |
| control field |
Nust |
| 005 - DATE AND TIME OF LATEST TRANSACTION |
| control field |
20221124142246.0 |
| 010 ## - LIBRARY OF CONGRESS CONTROL NUMBER |
| LC control number |
99021139 |
| 020 ## - INTERNATIONAL STANDARD BOOK NUMBER |
| International Standard Book Number |
0073039381 (acid-free paper) |
| 035 ## - SYSTEM CONTROL NUMBER |
| System control number |
(DLC) 99021139 |
| 040 ## - CATALOGING SOURCE |
| Transcribing agency |
Nust |
| 082 00 - DEWEY DECIMAL CLASSIFICATION NUMBER |
| Classification number |
515.723, BRA |
| 100 1# - MAIN ENTRY--PERSONAL NAME |
| Personal name |
Bracewell, Ronald N. |
| 9 (RLIN) |
103530 |
| 245 14 - TITLE STATEMENT |
| Title |
The Fourier transform and its applications / |
| Statement of responsibility, etc. |
Ronald N. Bracewell. |
| 250 ## - EDITION STATEMENT |
| Edition statement |
3rd ed. |
| 260 ## - PUBLICATION, DISTRIBUTION, ETC. |
| Place of publication, distribution, etc. |
Boston : |
| Name of publisher, distributor, etc. |
McGraw Hill, |
| Date of publication, distribution, etc. |
c2000. |
| 300 ## - PHYSICAL DESCRIPTION |
| Extent |
xx, 616 p. : |
| Other physical details |
ill. ; |
| Dimensions |
25 cm. |
| 440 #0 - SERIES STATEMENT/ADDED ENTRY--TITLE |
| Title |
McGraw-Hill series in electrical and computer engineering. |
| 9 (RLIN) |
34577 |
| 505 ## - FORMATTED CONTENTS NOTE |
| Formatted contents note |
Introduction (Page -1), Groundwork (Page -5), Convolution (Page -24), Notation for some useful Functions (Page -55), The Impulse Symbol (Page -74),The Basic Theorems (Page -105), Obtaining Transforms (Page -136), The Two Domains (Page -151), Waveforms, Spectra, Filters and Linearity (Page -198), Sampling and Series (Page -219),The Discrete Fourier Transform and the FFT (Page -258), The Discrete Hartley Transform (Page -293), Relatives of the Fourier Transform (Page- 329), The Laplace Transform (Page -380),Antennas and Optics (Page -406), Applications in Statistics (Page- 428), Random Waveforms and Noise (Page -446),Heat Conduction and Diffusion (Page- 475), Dynamic Power Spectra (Page -489), |
| 650 #0 - SUBJECT ADDED ENTRY--TOPICAL TERM |
| Topical term or geographic name entry element |
Fourier transformations. |
| 9 (RLIN) |
103278 |
| 650 #0 - SUBJECT ADDED ENTRY--TOPICAL TERM |
| Topical term or geographic name entry element |
Harmonic analysis. |
| 9 (RLIN) |
39183 |
| 650 #0 - SUBJECT ADDED ENTRY--TOPICAL TERM |
| Topical term or geographic name entry element |
Transformations (Mathematics) |
| 9 (RLIN) |
39233 |
| 856 42 - ELECTRONIC LOCATION AND ACCESS |
| Materials specified |
Contributor biographical information |
| Uniform Resource Identifier |
<a href="http://www.loc.gov/catdir/bios/mh042/99021139.html">http://www.loc.gov/catdir/bios/mh042/99021139.html</a> |
| 856 42 - ELECTRONIC LOCATION AND ACCESS |
| Materials specified |
Publisher description |
| Uniform Resource Identifier |
<a href="http://www.loc.gov/catdir/description/mh023/99021139.html">http://www.loc.gov/catdir/description/mh023/99021139.html</a> |
| 856 42 - ELECTRONIC LOCATION AND ACCESS |
| Materials specified |
Table of contents |
| Uniform Resource Identifier |
<a href="http://www.loc.gov/catdir/toc/mh023/99021139.html">http://www.loc.gov/catdir/toc/mh023/99021139.html</a> |
| 942 ## - ADDED ENTRY ELEMENTS (KOHA) |
| Source of classification or shelving scheme |
|
| Koha item type |
Book |